| 000 | 00437nam a2200169Ia 4500 | ||
|---|---|---|---|
| 008 | 130318s9999 xx 000 0 und d | ||
| 020 | _a9788126517466 | ||
| 082 | _a58.404 MER/P | ||
| 100 | _aMeredith, Jack R | ||
| 245 | _aProject managemnet: A managerial approach | ||
| 250 | _a6 | ||
| 260 |
_bWiley _aU.S.A _c2006 |
||
| 300 |
_a666 _e3 CD's |
||
| 650 | _aMANAGEMENT | ||
| 650 | _aORGANISATIONAL PROJECTS | ||
| 700 | _aMantel, Samuel J | ||
| 999 |
_c2518 _d2518 |
||